[Event "Quebec-ch Elite POM"]
[Site "Montreal CAN"]
[Date "2010.10.10"]
[Round "5"]
[White "Clyde, Jordan"]
[Black "Poulin, Mathieu"]
[Result "0-1"]
[WhiteElo "2007"]
[BlackElo "2048"]
[PlyCount "86"]
[EventDate "2010.10.08"]
[EventType "swiss"]
[EventRounds "7"]
[EventCountry "CAN"]

1. Nf3 Nf6 2. b3 g6 3. Bb2 Bg7 4. c4 O-O 5. g3 c6 6. Bg2 d5 7. O-O Nbd7 8. d3
Re8 9. Nc3 Nb6 10. Qc2 d4 11. Nb1 e5 12. Nbd2 c5 13. a3 a5 14. b4 Nbd7 15. bxa5
Rxa5 16. Nb3 Ra7 17. Ng5 b6 18. e4 Nh5 19. Nh3 f5 20. exf5 gxf5 21. Bd5+ Kh8
22. Bf7 Ndf6 23. Bxe8 Qxe8 24. f3 e4 25. fxe4 fxe4 26. Nf4 Bf5 27. Nxh5 Qxh5
28. Rxf5 Qxf5 29. dxe4 Nxe4 30. Rf1 Qg6 31. Nd2 Nxd2 32. Qxd2 Re7 33. a4 Bh6
34. Qg2 Qe6 35. Kh1 Qxc4 36. Bc1 Bg7 37. Bg5 Re8 38. h4 Qxa4 39. h5 Qa8 40. Rf3
h6 41. Bf4 Qe4 42. g4 Qe1+ 43. Kh2 Re2 0-1

[Event "Quebec-ch Elite POM"]
[Site "Montreal CAN"]
[Date "2010.10.10"]
[Round "5"]
[White "Corriveau, Philippe"]
[Black "Giroux, Robert"]
[Result "0-1"]
[WhiteElo "2003"]
[BlackElo "2070"]
[PlyCount "86"]
[EventDate "2010.10.08"]
[EventType "swiss"]
[EventRounds "7"]
[EventCountry "CAN"]

1. e4 e5 2. Nc3 Nc6 3. g3 Bc5 4. Bg2 Nge7 5. Nge2 d6 6. Na4 Bg4 7. Nxc5 dxc5 8.
O-O Qd7 9. d3 h5 10. f3 Bh3 11. Be3 Bxg2 12. Kxg2 b6 13. Qd2 O-O-O 14. Rad1 f6
15. a3 g5 16. h3 Ng6 17. Rh1 Rdg8 18. Rdg1 a5 19. Kf2 g4 20. fxg4 hxg4 21. h4
Nd4 22. Bxd4 cxd4 23. Ke1 Ne7 24. Kd1 f5 25. Kc1 Qc6 26. exf5 Nxf5 27. Kb1 Qh6
28. Qxh6 Nxh6 29. c3 c5 30. cxd4 cxd4 31. Rc1+ Kb7 32. Rc4 Rf8 33. Rhc1 Rh7 34.
Nxd4 exd4 35. Rxd4 Rf3 36. Rd6 Nf5 37. Rg6 Rg7 38. Rcc6 Rxg6 39. Rxg6 Rxg3 40.
h5 Rg1+ 41. Ka2 g3 42. Rg5 g2 43. Rxf5 Rf1 0-1

[Event "Quebec-ch Elite POM"]
[Site "Montreal CAN"]
[Date "2010.10.10"]
[Round "5"]
[White "Cote-Lalumiere, Tristan"]
[Black "Chevalier, Francois"]
[Result "1-0"]
[WhiteElo "1880"]
[BlackElo "1803"]
[PlyCount "61"]
[EventDate "2010.10.08"]
[EventType "swiss"]
[EventRounds "7"]
[EventCountry "CAN"]

1. e4 c6 2. d4 g6 3. Bd3 d5 4. exd5 cxd5 5. c3 Bg7 6. h4 h5 7. Qc2 Qd6 8. Nf3
Nc6 9. Be3 Nh6 10. Nbd2 Bf5 11. O-O-O Bxd3 12. Qxd3 Ng4 13. Kb1 O-O 14. Ng5 e5
15. Nb3 e4 16. Qd2 Nxe3 17. Qxe3 Ne7 18. Rdg1 Nf5 19. Qe2 Nh6 20. f3 exf3 21.
Qxf3 Rae8 22. Nc5 b6 23. Nd3 Ng4 24. Re1 f6 25. Nh3 Bh6 26. Nhf4 Rxe1+ 27. Rxe1
Bxf4 28. Nxf4 Rd8 29. Nxg6 Kg7 30. Nf4 Kh6 31. Nxh5 1-0

[Event "Quebec-ch Elite POM"]
[Site "Montreal CAN"]
[Date "2010.10.10"]
[Round "5"]
[White "Hajiyev, Elshad"]
[Black "Luo, Zhao Yang"]
[Result "0-1"]
[WhiteElo "2126"]
[BlackElo "1829"]
[PlyCount "112"]
[EventDate "2010.10.08"]
[EventType "swiss"]
[EventRounds "7"]
[EventCountry "CAN"]

1. Nf3 Nf6 2. d4 g6 3. c4 Bg7 4. Nc3 O-O 5. e4 d6 6. Be2 e5 7. O-O Nc6 8. d5
Ne7 9. Ne1 Nd7 10. Be3 f5 11. f3 f4 12. Bf2 g5 13. Nd3 Ng6 14. b4 Nf6 15. c5 h5
16. Rc1 Rf7 17. b5 g4 18. Qb3 Bf8 19. b6 cxb6 20. cxb6 g3 21. hxg3 fxg3 22.
Bxg3 h4 23. Bf2 Nh5 24. bxa7 Ngf4 25. Nxf4 Nxf4 26. Kh2 Bh6 27. Rc2 Rg7 28. Rg1
Nh5 29. Rh1 Bf4+ 30. Kg1 Qg5 31. Bf1 h3 32. Qb5 Qg6 33. Bb6 Ng3 34. gxh3 Nxh1+
35. Kxh1 Qh5 36. Bg2 Bxh3 37. Kg1 Qxf3 38. Qf1 Qg3 39. Qf2 Qh2+ 40. Kf1 Rxg2
41. Qxg2+ Kf7 42. Nb5 Bxg2+ 43. Rxg2 Qh1+ 44. Kf2 Qb1 45. a4 Qc2+ 46. Kf3 Qd3+
47. Kf2 Qd2+ 48. Kf3 Qd1+ 49. Kf2 Qxa4 50. Nxd6+ Kf6 51. Nf5 Qc2+ 52. Kf3 Qb3+
53. Be3 Rxa7 54. Rg8 Qd1+ 55. Kg2 Ra2+ 56. Bf2 Qe2 0-1

[Event "Quebec-ch Elite POM"]
[Site "Montreal CAN"]
[Date "2010.10.10"]
[Round "5"]
[White "Lawson, Eric"]
[Black "Castellanos, Renier"]
[Result "0-1"]
[WhiteElo "2379"]
[BlackElo "2430"]
[PlyCount "66"]
[EventDate "2010.10.08"]
[EventType "swiss"]
[EventRounds "7"]
[EventCountry "CAN"]

1. e4 c5 2. Nf3 e6 3. d4 cxd4 4. Nxd4 a6 5. Bd3 Bc5 6. Nb3 Be7 7. c4 d6 8. Nc3
Nf6 9. O-O b6 10. Qe2 Bb7 11. f4 Nc6 12. a3 Nd7 13. Be3 Nc5 14. Bc2 Qc7 15.
Rad1 O-O 16. Nd4 Bf6 17. b4 Nd7 18. Qd3 Nxd4 19. Bxd4 Bxd4+ 20. Qxd4 Rfd8 21.
Bb3 Nf6 22. Rd3 Rac8 23. Rfd1 h6 24. R1d2 Bc6 25. Qe3 b5 26. cxb5 Bxb5 27. Nxb5
axb5 28. h3 Qb7 29. Rxd6 Rxd6 30. Rxd6 Qxe4 31. Rxe6 fxe6 32. Bxe6+ Kh8 33.
Qxe4 Rc1+ 0-1

[Event "Quebec-ch Elite POM"]
[Site "Montreal CAN"]
[Date "2010.10.10"]
[Round "5"]
[White "Le Duin, Thierry"]
[Black "Chiffot, Nicolas"]
[Result "0-1"]
[WhiteElo "1902"]
[BlackElo "2048"]
[PlyCount "78"]
[EventDate "2010.10.08"]
[EventType "swiss"]
[EventRounds "7"]
[EventCountry "CAN"]

1. d4 Nf6 2. Nf3 g6 3. c4 Bg7 4. Nc3 d5 5. Bf4 O-O 6. c5 c6 7. e3 Nbd7 8. b4
Nh5 9. Bg5 Qe8 10. Be2 a5 11. a3 e5 12. O-O f5 13. Rc1 h6 14. Bh4 axb4 15. axb4
Nhf6 16. Bxf6 Bxf6 17. Qb3 g5 18. Rcd1 Qg6 19. b5 exd4 20. exd4 g4 21. Ne1 f4
22. bxc6 bxc6 23. Nxd5 Kh8 24. Nxf4 Qe8 25. Qc2 Rg8 26. Bc4 Bg5 27. Bxg8 Qxg8
28. Ng6+ Kg7 29. Ne5 Nxe5 30. dxe5 Ra2 31. Qb1 Be7 32. Nd3 Qf7 33. Qb6 Be6 34.
Nb4 Rb2 35. Rb1 Rd2 36. Nxc6 Bc4 37. Qb4 Bg5 38. Na5 Bxf1 39. Rxf1 Qxf2+ 0-1

[Event "Quebec-ch Elite POM"]
[Site "Montreal CAN"]
[Date "2010.10.10"]
[Round "5"]
[White "Libersan, Thierry"]
[Black "Sambuev, Bator"]
[Result "0-1"]
[WhiteElo "2101"]
[BlackElo "2573"]
[PlyCount "96"]
[EventDate "2010.10.08"]
[EventType "swiss"]
[EventRounds "7"]
[EventCountry "CAN"]

1. e4 e6 2. d3 c5 3. Nf3 Nc6 4. g3 g6 5. Bg2 Bg7 6. O-O Nge7 7. Nbd2 O-O 8. Re1
d6 9. h4 h6 10. Nf1 f5 11. c3 e5 12. N1h2 Kh7 13. Qe2 f4 14. g4 Be6 15. g5 Rh8
16. d4 cxd4 17. cxd4 exd4 18. Bxf4 h5 19. e5 d5 20. Rad1 Rf8 21. Nxd4 Nxd4 22.
Rxd4 Nf5 23. Qd2 Nxd4 24. Qxd4 Rc8 25. Bg3 Qa5 26. Rd1 Rc4 27. Qd3 Qc7 28. Nf3
Bf5 29. Qa3 Qf7 30. Nd4 Bg4 31. Rd2 Re8 32. Qd6 Qe7 33. Qxd5 Rc1+ 34. Kh2 Rc5
35. Qxb7 Rxe5 36. Qb3 Rc5 37. Nf3 Rc1 38. Bd6 Qe4 39. Bg3 Rf8 40. Rd3 Rxf3 41.
Bxf3 Bxf3 42. Rxf3 Qe1 43. Bb8 Qh1+ 44. Kg3 Rg1+ 45. Kf4 Rg4+ 46. Ke3 Qe1+ 47.
Kd3 Rd4+ 48. Kc2 Rd2# 0-1

[Event "Quebec-ch Elite POM"]
[Site "Montreal CAN"]
[Date "2010.10.10"]
[Round "5"]
[White "Plante, Michel"]
[Black "Lepine, Cedric"]
[Result "1/2-1/2"]
[WhiteElo "2024"]
[BlackElo "1911"]
[PlyCount "68"]
[EventDate "2010.10.08"]
[EventType "swiss"]
[EventRounds "7"]
[EventCountry "CAN"]

1. d4 Nf6 2. Nf3 g6 3. Nc3 d5 4. Bf4 Bg7 5. e3 O-O 6. Be2 Bg4 7. Ne5 Bxe2 8.
Qxe2 c6 9. h4 Nbd7 10. O-O-O Nxe5 11. dxe5 Nd7 12. e4 e6 13. h5 Qc7 14. hxg6
hxg6 15. exd5 exd5 16. Qg4 Nxe5 17. Qh4 f6 18. Qh7+ Kf7 19. Bh6 Rg8 20. Rh4 Nd7
21. Bxg7 Rxg7 22. Qh6 Re8 23. Rdh1 b5 24. b4 a5 25. a3 axb4 26. axb4 Qa7 27.
Rf4 Ne5 28. Rfh4 Reg8 29. Qe3 Qa1+ 30. Kd2 Qa3 31. Nxd5 Nc4+ 32. Rxc4 Qxe3+ 33.
Nxe3 bxc4 34. Kc3 Rd8 1/2-1/2

[Event "Quebec-ch Elite POM"]
[Site "Montreal CAN"]
[Date "2010.10.10"]
[Round "5"]
[White "Rainfray, Arnaud"]
[Black "Galbadrakh, Enkh-Amar"]
[Result "0-1"]
[WhiteElo "2408"]
[BlackElo "2195"]
[PlyCount "150"]
[EventDate "2010.10.08"]
[EventType "swiss"]
[EventRounds "7"]
[EventCountry "CAN"]

1. e4 c5 2. c3 Nf6 3. e5 Nd5 4. d4 cxd4 5. Nf3 e6 6. cxd4 Nc6 7. Nc3 Nxc3 8.
bxc3 d5 9. Bd3 Be7 10. h4 Bd7 11. Rb1 b6 12. Ng5 h6 13. Qh5 Bxg5 14. Bxg5 Qc7
15. Rh3 Ne7 16. Bd2 Nf5 17. Qf3 Qc6 18. h5 Rf8 19. Qg4 O-O-O 20. c4 dxc4 21.
Bxc4 Kb8 22. Rc1 Qa4 23. Qf4 Bb5 24. Bxb5 Qxb5 25. Rb3 Qd5 26. Bb4 Rg8 27. Kf1
Qxd4 28. Rf3 Qxf4 29. Rxf4 g5 30. hxg6 fxg6 31. g4 Rd4 32. Bd6+ Kb7 33. Rc7+
Ka6 34. gxf5 Rxf4 35. f6 g5 36. Kg2 Rg4+ 37. Kf3 Rf4+ 38. Kg3 h5 39. a3 h4+ 40.
Kg2 g4 41. f7 h3+ 42. Kg1 Rh8 43. f8=Q h2+ 44. Kh1 Rfxf8 45. Bxf8 Rxf8 46. Kxh2
Rxf2+ 47. Kg3 Rf5 48. Kxg4 Rxe5 49. Rc3 Ka5 50. Kf4 Re1 51. Kf3 a6 52. Rd3 b5
53. Kf2 Re5 54. Rd6 Re4 55. Kf3 Ra4 56. Rd3 Rh4 57. Ke2 Ka4 58. Kd2 a5 59. Kc2
e5 60. Re3 e4 61. Kb2 Rf4 62. Re2 b4 63. axb4 axb4 64. Re1 b3 65. Re2 Kb4 66.
Rh2 e3 67. Rh8 Re4 68. Rh1 Kc4 69. Rc1+ Kd3 70. Rd1+ Ke2 71. Rd8 Rf4 72. Re8
Kf2 73. Kc3 b2 74. Rb8 e2 75. Rxb2 Kf1 0-1

[Event "Quebec-ch Elite POM"]
[Site "Montreal CAN"]
[Date "2010.10.10"]
[Round "5"]
[White "Rousseau, Daniel"]
[Black "Gauthier, Denis"]
[Result "1-0"]
[WhiteElo "2150"]
[BlackElo "1920"]
[PlyCount "91"]
[EventDate "2010.10.08"]
[EventType "swiss"]
[EventRounds "7"]
[EventCountry "CAN"]

1. e4 d6 2. d4 Nf6 3. Nc3 g6 4. Nf3 Bg7 5. Be2 O-O 6. h3 c5 7. d5 a6 8. a4 e6
9. Bf4 exd5 10. exd5 Re8 11. Nd2 Nbd7 12. O-O Ne5 13. Re1 h6 14. Bf1 g5 15.
Bxe5 Rxe5 16. Rxe5 dxe5 17. Nc4 e4 18. Ne3 Bd7 19. g4 Rb8 20. Bg2 Qe8 21. Ne2
Bxa4 22. Nf5 Bd7 23. Neg3 Qe5 24. c3 Re8 25. d6 Kh7 26. Qb3 Qd5 27. Qxd5 Nxd5
28. Nxe4 Nf4 29. Nxc5 Bxf5 30. gxf5 Nxg2 31. Kxg2 Rd8 32. Rd1 Bf8 33. Nxb7 Rd7
34. Nc5 Rxd6 35. Rxd6 Bxd6 36. Nxa6 Kg7 37. c4 Kf6 38. c5 Bf4 39. b4 Ke7 40. b5
Kd7 41. Nb4 Bd2 42. Nd3 Bc3 43. Kf3 h5 44. Ke4 f6 45. f3 Bd2 46. Kd5 1-0

[Event "Quebec-ch Elite POM"]
[Site "Montreal CAN"]
[Date "2010.10.10"]
[Round "5"]
[White "Roy, Myriam"]
[Black "Gras, Guillaume"]
[Result "1-0"]
[WhiteElo "1855"]
[BlackElo "2094"]
[PlyCount "91"]
[EventDate "2010.10.08"]
[EventType "swiss"]
[EventRounds "7"]
[EventCountry "CAN"]

1. e4 c5 2. Nf3 Nc6 3. d4 cxd4 4. Nxd4 Nf6 5. Nc3 e5 6. Ndb5 d6 7. Bg5 a6 8.
Na3 b5 9. Nd5 Be7 10. Bxf6 Bxf6 11. c3 O-O 12. Nc2 Bg5 13. a4 bxa4 14. Rxa4 f5
15. exf5 Bxf5 16. Bxa6 Qb8 17. b4 Be6 18. O-O Ne7 19. Nxe7+ Bxe7 20. Ne3 Qe8
21. b5 Qf7 22. c4 Bh4 23. Qc2 Bg5 24. Qd3 e4 25. Qxe4 Bxe3 26. Qxe3 Bxc4 27.
Rfa1 Rae8 28. Qd4 Re4 29. Qb6 Re2 30. h3 Rxf2 31. Qe3 Re2 32. Qg5 h6 33. Qg4
Qf2+ 34. Kh2 Bd5 35. Rg1 Rf5 36. b6 Rb2 37. b7 Rg5 38. Qc8+ Kh7 39. Bd3+ g6 40.
Qc7+ Qf7 41. Qxf7+ Bxf7 42. Ra7 Kg7 43. Be4 Rgb5 44. Rf1 d5 45. Rxf7+ Kg8 46.
Bxg6 1-0

[Event "Quebec-ch Elite POM"]
[Site "Montreal CAN"]
[Date "2010.10.10"]
[Round "5"]
[White "Zhu, Hong Rui"]
[Black "Sarrazin-Gendron, Roman"]
[Result "1/2-1/2"]
[WhiteElo "1935"]
[BlackElo "2010"]
[PlyCount "112"]
[EventDate "2010.10.08"]
[EventType "swiss"]
[EventRounds "7"]
[EventCountry "CAN"]

1. e4 d6 2. d4 Nf6 3. Nc3 g6 4. Nf3 Bg7 5. h3 O-O 6. Be3 c6 7. a4 a5 8. Be2 Qc7
9. O-O e5 10. Qd2 Na6 11. Bh6 Nb4 12. Bxg7 Kxg7 13. Rad1 h6 14. Rfe1 Be6 15.
Bf1 Rfd8 16. Qc1 Rac8 17. b3 Nd7 18. Qb2 Nb6 19. Rd2 f6 20. Qb1 Rd7 21. Na2 c5
22. d5 Bf7 23. c4 Nxa2 24. Rxa2 g5 25. Nd2 Bh5 26. Be2 Bxe2 27. Rxe2 Rh8 28.
Nf1 Nc8 29. Ne3 Kf8 30. Nf5 Rdh7 31. g3 h5 32. f3 Ne7 33. Nxe7 Qxe7 34. Rh2 Qg7
35. g4 Rh6 36. Raf2 hxg4 37. hxg4 Rh3 38. Qf1 Rg3+ 39. Kh1 Rh4 40. Rb2 Qh6 41.
Rbg2 Rhh3 42. Qf2 Rxg2 43. Qxg2 Rh4 44. Qd2 Kg7 45. Qf2 Kg6 46. Kg1 Kf7 47. Qd2
Kg7 48. Qf2 b6 49. Kh1 Rxh2+ 50. Qxh2 Qh4 51. Kg2 Qe1 52. Qh5 Qd2+ 53. Kg3 Qe1+
54. Kg2 Qd2+ 55. Kg3 Qe1+ 56. Kg2 Qe2+ 1/2-1/2

[Event "Quebec-ch Elite POM"]
[Site "Montreal CAN"]
[Date "2010.10.11"]
[Round "6"]
[White "Chiffot, Nicolas"]
[Black "Libersan, Thierry"]
[Result "1/2-1/2"]
[WhiteElo "2048"]
[BlackElo "2101"]
[PlyCount "121"]
[EventDate "2010.10.08"]
[EventType "swiss"]
[EventRounds "7"]
[EventCountry "CAN"]

1. d4 Nf6 2. c4 g6 3. Nc3 Bg7 4. Nf3 d6 5. g3 O-O 6. Bg2 Nbd7 7. O-O c6 8. h3
Re8 9. e4 e5 10. Re1 Qc7 11. Be3 exd4 12. Nxd4 Nc5 13. Qc2 a5 14. Rad1 Nfd7 15.
f4 a4 16. Ndb5 cxb5 17. Nxb5 Qa5 18. Nxd6 Re6 19. e5 Nxe5 20. fxe5 Bxe5 21.
Nxc8 Rxc8 22. Bd5 Re7 23. Kg2 Qc7 24. Qf2 Ne6 25. Bb6 Bxg3 26. Bxc7 Bxf2 27.
Bd6 Bxe1 28. Bxe7 Ba5 29. Bf6 Nf4+ 30. Kf3 Nxd5 31. cxd5 Bd8 32. Bc3 a3 33. Re1
Bg5 34. Kg4 Bh6 35. d6 Rd8 36. Rd1 f5+ 37. Kf3 axb2 38. Bxb2 Kf7 39. Ba3 Bf8
40. Rd3 b6 41. Kf4 Ke6 42. Re3+ Kd7 43. Rd3 Bh6+ 44. Ke5 Bg7+ 45. Kd5 Re8 46.
Rb3 Re5+ 47. Kc4 b5+ 48. Rxb5 Rxb5 49. Kxb5 Be5 50. Bc1 f4 51. Kc4 f3 52. Kd3
f2 53. Ke2 Bg3 54. Be3 Kxd6 55. Bxf2 Be5 56. Kf3 Kd5 57. Kg4 Bf6 58. Bh4 h5+
59. Kg3 g5 60. Bxg5 Bxg5 61. Kf3 1/2-1/2

[Event "Quebec-ch Elite POM"]
[Site "Montreal CAN"]
[Date "2010.10.11"]
[Round "6"]
[White "Clyde, Jordan"]
[Black "Villeneuve, Robert"]
[Result "1/2-1/2"]
[WhiteElo "2007"]
[BlackElo "1879"]
[PlyCount "54"]
[EventDate "2010.10.08"]
[EventType "swiss"]
[EventRounds "7"]
[EventCountry "CAN"]

1. Nf3 g6 2. e4 c5 3. Na3 Bg7 4. c3 Nf6 5. Qa4 O-O 6. e5 Ne8 7. Bb5 Nc7 8. O-O
Nxb5 9. Nxb5 a6 10. Na3 d6 11. d4 Bd7 12. Qb3 dxe5 13. dxe5 Bc6 14. c4 Bxf3 15.
Qxf3 Nc6 16. e6 fxe6 17. Qe4 e5 18. Bg5 Qd4 19. Qd5+ Kh8 20. Rad1 Qg4 21. Be3
Rad8 22. f3 Rxd5 23. fxg4 Rxd1 24. Rxd1 Nd4 25. Rd2 Kg8 26. Nb1 Bf6 27. Nc3 Rc8
1/2-1/2

[Event "Quebec-ch Elite POM"]
[Site "Montreal CAN"]
[Date "2010.10.11"]
[Round "6"]
[White "Corriveau, Philippe"]
[Black "Zhu, Hong Rui"]
[Result "1-0"]
[WhiteElo "2003"]
[BlackElo "1935"]
[PlyCount "101"]
[EventDate "2010.10.08"]
[EventType "swiss"]
[EventRounds "7"]
[EventCountry "CAN"]

1. e4 c5 2. Nc3 g6 3. g3 Bg7 4. Bg2 Nc6 5. d3 d6 6. Be3 e6 7. Qd2 b6 8. Nge2
Bb7 9. O-O Nge7 10. Bh6 O-O 11. Bxg7 Kxg7 12. d4 e5 13. d5 Nd4 14. Nxd4 cxd4
15. Nb5 Qd7 16. Qb4 a5 17. Qxd6 Qxd6 18. Nxd6 Ba6 19. a4 Bxf1 20. Bxf1 Nc8 21.
Nc4 f6 22. Bh3 Rd8 23. Bxc8 Raxc8 24. b3 Rb8 25. f4 Re8 26. Re1 Re7 27. Kg2 h6
28. h4 h5 29. fxe5 fxe5 30. g4 hxg4 31. Kg3 Rc7 32. Nxe5 Rxc2 33. Nc6 Rf8 34.
Nxd4 Rc3+ 35. Kxg4 Rf2 36. e5 Rd3 37. Ne6+ Kh6 38. d6 Rb2 39. Kf4 Rdxb3 40. Rd1
Rf2+ 41. Ke4 Rb4+ 42. Kd5 Rf7 43. Ng5 Ra7 44. e6 Rf4 45. e7 Ra8 46. d7 Rff8 47.
exf8=Q+ Rxf8 48. Ne6 Ra8 49. d8=Q Rxd8+ 50. Nxd8 Kh5 51. Rd4 1-0

[Event "Quebec-ch Elite POM"]
[Site "Montreal CAN"]
[Date "2010.10.11"]
[Round "6"]
[White "Cote-Lalumiere, Tristan"]
[Black "Plante, Michel"]
[Result "1/2-1/2"]
[WhiteElo "1880"]
[BlackElo "2024"]
[PlyCount "111"]
[EventDate "2010.10.08"]
[EventType "swiss"]
[EventRounds "7"]
[EventCountry "CAN"]

1. e4 d6 2. d4 Nf6 3. Nc3 e5 4. d5 Be7 5. f4 Nbd7 6. Nf3 exf4 7. Bxf4 Ng4 8.
Qd2 O-O 9. O-O-O Bf6 10. Nd4 Bxd4 11. Qxd4 a6 12. Be2 Nge5 13. h4 Qe7 14. g4
Re8 15. g5 Nc5 16. h5 b5 17. b4 Ncd7 18. Rdg1 Nf8 19. g6 fxg6 20. h6 Nfd7 21.
Bg5 Nf6 22. Rf1 Rf8 23. hxg7 Rf7 24. Rf4 Kxg7 25. Rhf1 Ned7 26. Rh4 Qe5 27.
Qxe5 Nxe5 28. Bxf6+ Rxf6 29. Rxf6 Kxf6 30. Rxh7 Bd7 31. Bf1 g5 32. Ne2 Kg6 33.
Rh1 Rf8 34. Nd4 Rf4 35. Ne6 Bxe6 36. dxe6 Rf6 37. Be2 Rxe6 38. Bh5+ Kg7 39. Rg1
g4 40. Rg2 Rh6 41. Bxg4 Rg6 42. Bh3 Rxg2 43. Bxg2 Nc6 44. c3 Nb8 45. Kc2 Kf6
46. Kb3 Ke5 47. a4 c6 48. axb5 axb5 49. c4 Na6 50. cxb5 cxb5 51. Kc3 Nc7 52.
Kd3 Ne6 53. Ke3 Ng5 54. Bf1 Nxe4 55. Bxb5 Nc3 56. Bc6 1/2-1/2

[Event "Quebec-ch Elite POM"]
[Site "Montreal CAN"]
[Date "2010.10.11"]
[Round "6"]
[White "Gagnon, Serge"]
[Black "Poulin, Mathieu"]
[Result "0-1"]
[WhiteElo "2129"]
[BlackElo "2048"]
[PlyCount "126"]
[EventDate "2010.10.08"]
[EventType "swiss"]
[EventRounds "7"]
[EventCountry "CAN"]

1. d4 Nf6 2. c4 e6 3. Nc3 d5 4. Nf3 Be7 5. Bg5 h6 6. Bh4 O-O 7. e3 b6 8. cxd5
Nxd5 9. Bxe7 Nxe7 10. Bb5 Nd7 11. O-O c6 12. Bc4 c5 13. dxc5 Nxc5 14. b4 Ba6
15. Qe2 Bxc4 16. Qxc4 Qd3 17. Qxd3 Nxd3 18. a3 Rac8 19. Ne2 Rfd8 20. Ra2 Nc6
21. b5 Na5 22. h3 e5 23. Rd1 Nb3 24. g4 f6 25. Ne1 Nxe1 26. Rxe1 Rd3 27. Kg2
Kf7 28. Kg3 Ke6 29. a4 Rc4 30. h4 g6 31. Rh1 f5 32. gxf5+ gxf5 33. Kg2 Rg4+ 34.
Kh3 Nd4 35. Nxd4+ exd4 36. Re1 dxe3 37. Rxe3+ Rxe3+ 38. fxe3 Ke5 39. a5 Rb4 40.
axb6 axb6 41. Ra8 Rxb5 42. Rh8 Ke4 43. Rxh6 Kxe3 44. Rc6 Rb3 45. Kg3 Ke4+ 46.
Kf2 f4 47. Re6+ Kf5 48. Re8 Kg4 49. Rf8 Rb2+ 50. Ke1 Rb4 51. Kf2 Rb2+ 52. Ke1
Kf3 53. h5 Rb1+ 54. Kd2 Rh1 55. Rb8 Rxh5 56. Rxb6 Kf2 57. Rd6 f3 58. Kd1 Kf1
59. Rd8 f2 60. Kd2 Rg5 61. Ke3 Ke1 62. Ra8 Rg3+ 63. Kf4 Rd3 0-1

[Event "Quebec-ch Elite POM"]
[Site "Montreal CAN"]
[Date "2010.10.11"]
[Round "6"]
[White "Galbadrakh, Enkh-Amar"]
[Black "Arsenault, Nicolas"]
[Result "1/2-1/2"]
[WhiteElo "2195"]
[BlackElo "2225"]
[PlyCount "42"]
[EventDate "2010.10.08"]
[EventType "swiss"]
[EventRounds "7"]
[EventCountry "CAN"]

1. Nf3 Nf6 2. c4 e6 3. g3 a6 4. Bg2 b5 5. b3 c5 6. d4 Bb7 7. O-O bxc4 8. bxc4
cxd4 9. Nxd4 Bxg2 10. Kxg2 Be7 11. Nd2 O-O 12. Qa4 Qc7 13. Kg1 Rc8 14. Ba3 Bxa3
15. Qxa3 Nc6 16. e3 Qa5 17. Qxa5 Nxa5 18. Rfc1 Rab8 19. Rab1 Kf8 20. Rxb8 Rxb8
21. N2b3 Nc6 1/2-1/2

[Event "Quebec-ch Elite POM"]
[Site "Montreal CAN"]
[Date "2010.10.11"]
[Round "6"]
[White "Gauthier, Denis"]
[Black "Hajiyev, Elshad"]
[Result "0-1"]
[WhiteElo "1920"]
[BlackElo "2126"]
[PlyCount "44"]
[EventDate "2010.10.08"]
[EventType "swiss"]
[EventRounds "7"]
[EventCountry "CAN"]

1. d4 c5 2. d5 Nf6 3. Nc3 e5 4. e4 d6 5. h3 Be7 6. Nf3 a6 7. a4 O-O 8. Be2 Ne8
9. g4 Nc7 10. Be3 b6 11. Qd2 Nd7 12. Nd1 Nf6 13. Qd3 b5 14. axb5 c4 15. Qc3
Nxe4 16. Qxc4 axb5 17. Qxe4 Rxa1 18. O-O f5 19. gxf5 Bxf5 20. Qb4 Bxh3 21. Re1
Ra4 22. Qb3 Qe8 0-1

[Event "Quebec-ch Elite POM"]
[Site "Montreal CAN"]
[Date "2010.10.11"]
[Round "6"]
[White "Gras, Guillaume"]
[Black "Bouchard, Jean-Marc"]
[Result "1/2-1/2"]
[WhiteElo "2094"]
[BlackElo "1857"]
[PlyCount "68"]
[EventDate "2010.10.08"]
[EventType "swiss"]
[EventRounds "7"]
[EventCountry "CAN"]

1. e4 e6 2. d4 d5 3. Nc3 Nf6 4. Bg5 Be7 5. e5 Nfd7 6. h4 h6 7. Bxe7 Qxe7 8. Qg4
f5 9. exf6 Nxf6 10. Qg6+ Qf7 11. Bd3 Qxg6 12. Bxg6+ Kd8 13. Nf3 Nc6 14. O-O Bd7
15. Rfe1 Be8 16. Bd3 Bh5 17. Bb5 Bxf3 18. Bxc6 bxc6 19. gxf3 Ke7 20. Re5 Kd6
21. Rae1 Rae8 22. f4 Nd7 23. R5e3 Rhf8 24. Ne2 Rf6 25. Kh2 g5 26. Kg3 gxf4+ 27.
Nxf4 e5 28. dxe5+ Nxe5 29. Nd3 Rg8+ 30. Kh3 Nxd3 31. cxd3 Rxf2 32. Re6+ Kd7 33.
Rxh6 Rf3+ 34. Kh2 Rf2+ 1/2-1/2

[Event "Quebec-ch Elite POM"]
[Site "Montreal CAN"]
[Date "2010.10.11"]
[Round "6"]
[White "Lepine, Cedric"]
[Black "Giroux, Robert"]
[Result "0-1"]
[WhiteElo "1911"]
[BlackElo "2070"]
[PlyCount "100"]
[EventDate "2010.10.08"]
[EventType "swiss"]
[EventRounds "7"]
[EventCountry "CAN"]

1. d4 Nf6 2. c4 e6 3. Nc3 Bb4 4. a3 Bxc3+ 5. bxc3 b6 6. e3 Ba6 7. Qa4 Qc8 8.
Be2 O-O 9. Bf3 c6 10. Ne2 d5 11. cxd5 cxd5 12. Bd2 Nc6 13. O-O Na5 14. Rfc1 Qc4
15. Qxc4 Bxc4 16. Ng3 Nb3 17. Be1 Nxa1 18. Rxa1 b5 19. e4 dxe4 20. Nxe4 Nxe4
21. Bxe4 Bd5 22. Bd3 a6 23. h4 Rfc8 24. Bd2 h6 25. Kh2 e5 26. dxe5 Re8 27. Bf4
Rac8 28. Rc1 Rc6 29. f3 Rec8 30. Bf5 Be6 31. Bxe6 fxe6 32. Bd2 Rd8 33. Rc2 Rc4
34. g3 a5 35. Rb2 Rd5 36. f4 h5 37. Be1 Kf7 38. Kg2 Kg6 39. Rd2 Rxd2+ 40. Bxd2
Kf5 41. Kf3 Ra4 42. Bc1 Re4 43. Bd2 Rc4 44. Kf2 Kg4 45. Be1 Ra4 46. Ke3 Kf5 47.
Bd2 Rxa3 48. Kd4 Ra2 49. Bc1 Ra1 50. Bb2 Rb1 0-1

[Event "Quebec-ch Elite POM"]
[Site "Montreal CAN"]
[Date "2010.10.11"]
[Round "6"]
[White "Luo, Zhao Yang"]
[Black "Sambuev, Bator"]
[Result "0-1"]
[WhiteElo "1829"]
[BlackElo "2573"]
[PlyCount "80"]
[EventDate "2010.10.08"]
[EventType "swiss"]
[EventRounds "7"]
[EventCountry "CAN"]

1. d4 Nf6 2. c4 g6 3. Nc3 Bg7 4. e4 O-O 5. Nf3 d6 6. Be2 e5 7. O-O Nc6 8. d5
Ne7 9. Ne1 Nd7 10. Be3 f5 11. f3 f4 12. Bf2 g5 13. Rc1 Ng6 14. b4 h5 15. c5 a6
16. Nd3 Rf7 17. Nb2 Bf8 18. cxd6 Bxd6 19. Nc4 Rg7 20. a4 Nf6 21. Nxd6 cxd6 22.
a5 g4 23. Bb6 Qe7 24. Na4 Nh4 25. Rc7 Bd7 26. Qb3 Nxg2 27. Kxg2 gxf3+ 28. Kxf3
Ng4 29. Bc4 Nxh2+ 30. Ke2 Nxf1 31. Kxf1 Qh4 32. Bf2 Qh1+ 33. Ke2 Bg4+ 34. Kd2
Rxc7 35. Nb6 Qg2 36. Ke1 Qxe4+ 37. Kd2 Rxc4 38. Qxc4 Qxc4 39. Nxc4 Bf3 40. Nxd6
Bxd5 0-1

[Event "Quebec-ch Elite POM"]
[Site "Montreal CAN"]
[Date "2010.10.11"]
[Round "6"]
[White "Qin, Zi Yi (Joey)"]
[Black "Lawson, Eric"]
[Result "1-0"]
[WhiteElo "2190"]
[BlackElo "2379"]
[PlyCount "73"]
[EventDate "2010.10.08"]
[EventType "swiss"]
[EventRounds "7"]
[EventCountry "CAN"]

1. e4 c5 2. Nf3 Nc6 3. d4 cxd4 4. Nxd4 Nf6 5. Nc3 e5 6. Ndb5 d6 7. Bg5 a6 8.
Na3 b5 9. Nd5 Be7 10. Bxf6 Bxf6 11. c3 Ne7 12. Nxf6+ gxf6 13. Nc2 Bb7 14. Bd3
d5 15. Qe2 f5 16. O-O-O Qd6 17. f3 fxe4 18. fxe4 f5 19. exf5 Qh6+ 20. Qe3 Qxe3+
21. Nxe3 Rf8 22. Bc2 b4 23. Rhf1 bxc3 24. bxc3 Rc8 25. Kb2 Rf6 26. Ng4 Rb6+ 27.
Bb3 a5 28. Ka1 e4 29. f6 Ng6 30. Bxd5 Rxc3 31. f7+ Ke7 32. f8=Q+ Nxf8 33. Rf7+
Ke8 34. Rxb7 Rxb7 35. Bxb7 Nd7 36. Bxe4 h5 37. Bg6+ 1-0

[Event "Quebec-ch Elite POM"]
[Site "Montreal CAN"]
[Date "2010.10.11"]
[Round "6"]
[White "Roy, Myriam"]
[Black "Rousseau, Daniel"]
[Result "1/2-1/2"]
[WhiteElo "1855"]
[BlackElo "2150"]
[PlyCount "61"]
[EventDate "2010.10.08"]
[EventType "swiss"]
[EventRounds "7"]
[EventCountry "CAN"]

1. e4 e5 2. Nf3 Nc6 3. d4 exd4 4. Nxd4 Bc5 5. Be3 Bb6 6. Nc3 Nge7 7. Bc4 O-O 8.
O-O d6 9. Nd5 Nxd5 10. exd5 Ne5 11. Bb5 Ng4 12. c4 Qf6 13. h3 Nxe3 14. fxe3 Qe5
15. Rf3 f5 16. Qd3 Bc5 17. a3 a6 18. Ba4 b5 19. cxb5 Bd7 20. Ne6 Bxe6 21. dxe6
f4 22. Raf1 fxe3 23. Rxf8+ Rxf8 24. Rxf8+ Kxf8 25. Qf1+ Qf6 26. Qxf6+ gxf6 27.
Kf1 axb5 28. Bxb5 Ke7 29. b4 Bd4 30. Bd7 Bb2 31. a4 1/2-1/2